Catálogo
 En Linea

Guía para la atención de niños, niñas y adolescentes víctimas de violencia en República Dominicana (Registro nro. 49998)

Detalles MARC
000 -CABECERA
campo de control de longitud fija 01092nam a22002297a 4500
003 - IDENTIFICADOR DEL NÚMERO DE CONTROL
campo de control DO-SdBNP
005 - FECHA Y HORA DE LA ÚLTIMA TRANSACCIÓN
campo de control 20250611073818.0
007 - CAMPO FIJO DE DESCRIPCIÓN FÍSICA--INFORMACIÓN GENERAL
campo de control de longitud fija ta
008 - DATOS DE LONGITUD FIJA--INFORMACIÓN GENERAL
campo de control de longitud fija 210624e2020 dr ad||erd||| 001 0 spa d
020 ## - NÚMERO INTERNACIONAL ESTÁNDAR DEL LIBRO
Número Internacional Estándar del Libro 9789945621389
040 ## - FUENTE DE LA CATALOGACIÓN
Centro catalogador/agencia de origen DO-SdBNP
Lengua de catalogación spa
Centro/agencia transcriptor BNPHU
041 ## - CÓDIGO DE LENGUA
Código de lengua original spa
082 #4 - NÚMERO DE LA CLASIFICACIÓN DECIMAL DEWEY
Número de edición 22
Número de documento/Ítem R426g
110 1# - ENTRADA PRINCIPAL--NOMBRE DE ENTIDAD CORPORATIVA
Nombre de entidad corporativa o nombre de jurisdicción como elemento de entrada República Dominicana.
Unidad subordinada Ministerio de Salud Pública
9 (RLIN) 80830
245 10 - MENCIÓN DE TÍTULO
Título Guía para la atención de niños, niñas y adolescentes víctimas de violencia en República Dominicana
260 ## - PUBLICACIÓN, DISTRIBUCIÓN, ETC.
Lugar de publicación, distribución, etc. Santo Domingo :
Nombre del editor, distribuidor, etc. Salud Pública,
Fecha de publicación, distribución, etc. 2020.
300 ## - DESCRIPCIÓN FÍSICA
Extensión 128 p. :
Otras características físicas il., gráf.
Dimensiones 18 cm.
505 2# - NOTA DE CONTENIDO CON FORMATO
Nota de contenido con formato Guía para la atención de niños, niñas y adolescentes víctimas de violencia en República Dominicana.--
Título Protocolo de atención de casos de violencia física contra niños, niñas y adolescentes.--
-- Protocolo de atención de casos de violencia sexual en niños, niñas y adolescentes.--
-- Protocolo de atención de casos de violencia psicológica, emocional y negligencia en niños, niñas y adolescentes.
590 ## - NOTA LOCAL (RLIN)
Nota local Inventariado por M/F
910 ## - DATOS DE OPCIÓN DEL USUARIO (OCLC)
Datos de opción del usuario MF
942 ## - ELEMENTOS DE PUNTO DE ACCESO ADICIONAL (KOHA)
Fuente del sistema de clasificación o colocación Dewey Decimal Classification
Tipo de ítem Koha Libro
Existencias
Estado de retiro Estado de pérdida Fuente del sistema de clasificación o colocación No para préstamo Código de colección Localización permanente Ubicación/localización actual Ubicación en estantería Fecha de adquisición Fuente de adquisición Total de préstamos Signatura topográfica completa Código de barras Fecha visto por última vez Precio válido a partir de Tipo de ítem Koha Número de copia
    Dewey Decimal Classification Préstamo en sala Dominicana de Servicio Biblioteca Nacional Pedro Henríquez Ureña Dominicana Depósito 11.03.2021 Donado / Salud Pública   BNPHU DS R426g 2021-2243 24.06.2021 24.06.2021 Libro y Folleto Colección Dominicana de Servicio e.3
    Dewey Decimal Classification Excluido de préstamo Patrimonio Dominicano Biblioteca Nacional Pedro Henríquez Ureña Patrimonio Dominicano Depósito 11.03.2021 Donado / Salud Pública   BNPHU PD R426g 2021-2241 24.06.2021 24.06.2021 Libro y Folleto Colección Patrimonio Dominicano  
    Dewey Decimal Classification Préstamo restrigido Patrimonio Dominicano Biblioteca Nacional Pedro Henríquez Ureña Patrimonio Dominicano Depósito 11.03.2021 Donado / Salud Pública   BNPHU PD R426g 2021-2242 24.06.2021 24.06.2021 Libro y Folleto Colección Patrimonio Dominicano e.2

Con tecnología Koha